[Event "SRB-chT Premier"]
[Site "Bajina Basta"]
[Date "2024.10.06"]
[Round "10.4"]
[White "Pavlovic, Goran"]
[Black "Bryakin, Mikhail"]
[Result "0-1"]
[WhiteElo "2337"]
[BlackElo "2438"]
[PlyCount "114"]
[EventDate "2024.09.27"]
[EventType "team-tourn"]
[EventRounds "11"]
[EventCountry "SRB"]
[SourceTitle "EXT 2025"]
[Source "ChessBase"]
[SourceDate "2024.10.14"]
[SourceVersion "1"]
[SourceVersionDate "2024.10.14"]
[SourceQuality "1"]
[WhiteTeam "Kostolac Rudar"]
[BlackTeam "Belgrade Zmaj"]
[WhiteTeamCountry "SRB"]
[BlackTeamCountry "SRB"]

1. Nf3 d5 2. c4 e6 3. d4 Nf6 4. e3 Bb4+ 5. Bd2 Be7 6. Nc3 0-0 7. Rc1 Nbd7 8. Qc2 c6 9. Bd3 a6 10. 0-0 dxc4 11. Bxc4 b5 12. Be2 c5 13. a4 b4 14. Ne4 Nxe4 15. Qxe4 Rb8 16. Rfd1 Bb7 17. Qg4 Nf6 18. Qh3 Qa5 19. b3 Rbc8 20. Bc4 cxd4 21. exd4 Bd5 22. Ne5 Bxc4 23. Nxc4 Qd5 24. Nb6 Rxc1 25. Bxc1 Qb7 26. Nc4 Rd8 27. Bb2 h6 28. Qg3 Nd5 29. Qf3 Bf6 30. g3 Qc7 31. Rc1 Bg5 32. Rc2 Bf6 33. Rc1 Qb8 34. Ne3 Nxe3 35. fxe3 e5 36. Rc4 exd4 37. Bxd4 Bxd4 38. Rxd4 Qc7 39. Rxd8+ Qxd8 40. e4 Qd2 41. h4 h5 42. Kh1 g6 43. Kg1 a5 44. Kf1 Kf8 45. Kg1 Ke7 46. Qf4 Qd1+ 47. Kh2 Qc2+ 48. Kh3 Qxb3 49. Qg5+ Kf8 50. Qxa5 Qe6+ 51. Kh2 Qxe4 52. Qc5+ Kg8 53. Qc8+ Kh7 54. Qc7 Qe2+ 55. Kg1 Qf3 56. a5 b3 57. Qb8 Qd1+ 0-1

[Event "SRB-chT Premier"]
[Site "Bajina Basta"]
[Date "2024.10.05"]
[Round "9.6"]
[White "Kecskemeti, Arpad"]
[Black "Pavlovic, Goran"]
[Result "1/2-1/2"]
[WhiteElo "2236"]
[BlackElo "2337"]
[PlyCount "21"]
[EventDate "2024.09.27"]
[EventType "team-tourn"]
[EventRounds "11"]
[EventCountry "SRB"]
[SourceTitle "EXT 2025"]
[Source "ChessBase"]
[SourceDate "2024.10.14"]
[SourceVersion "1"]
[SourceVersionDate "2024.10.14"]
[SourceQuality "1"]
[WhiteTeam "Bajsa Lajos Segi"]
[BlackTeam "Kostolac Rudar"]
[WhiteTeamCountry "SRB"]
[BlackTeamCountry "SRB"]

1. e4 c5 2. Nf3 Nc6 3. d4 cxd4 4. Nxd4 Qc7 5. Nc3 e6 6. Be3 a6 7. Qf3 Nge7 8. Ndb5 axb5 9. Nxb5 Qe5 10. Bf4 Qxb2 11. Nd6+ 1/2-1/2

[Event "SRB-chT Premier"]
[Site "Bajina Basta"]
[Date "2024.09.28"]
[Round "2.6"]
[White "Pavlovic, Goran"]
[Black "Miljkovic, Miroslav D"]
[Result "1/2-1/2"]
[WhiteElo "2337"]
[BlackElo "2420"]
[PlyCount "83"]
[EventDate "2024.09.27"]
[EventType "team-tourn"]
[EventRounds "11"]
[EventCountry "SRB"]
[SourceTitle "EXT 2025"]
[Source "ChessBase"]
[SourceDate "2024.10.14"]
[SourceVersion "1"]
[SourceVersionDate "2024.10.14"]
[SourceQuality "1"]
[WhiteTeam "Kostolac Rudar"]
[BlackTeam "Ruma Sloven"]
[WhiteTeamCountry "SRB"]
[BlackTeamCountry "SRB"]

1. c4 c6 2. d4 d5 3. cxd5 cxd5 4. Nc3 Nf6 5. Nf3 Nc6 6. Bf4 Nh5 7. Bd2 Nf6 8. Bf4 a6 9. e3 Bf5 10. Bd3 Bxd3 11. Qxd3 e6 12. 0-0 Be7 13. Rac1 Rc8 14. Ne5 0-0 15. Nxc6 Rxc6 16. Ne2 Qb6 17. Rxc6 bxc6 18. b3 Nd7 19. Nc3 c5 20. Na4 Qb5 21. Qxb5 axb5 22. Nxc5 Nxc5 23. dxc5 Bxc5 24. Rc1 Ba3 25. Rc6 Re8 26. Bd6 Bxd6 27. Rxd6 g5 28. Rb6 Ra8 29. Rxb5 Rxa2 30. g4 h6 31. Kg2 Rb2 32. Rb7 Kg7 33. h3 Kg6 34. Kg3 f6 35. Re7 e5 36. Rd7 d4 37. exd4 Rxb3+ 38. Kg2 Rd3 39. d5 h5 40. Kh2 Rd2 41. Kg2 Rd3 42. Kh2 1/2-1/2

[Event "SRB-chT Premier"]
[Site "Bajina Basta"]
[Date "2024.09.27"]
[Round "1.6"]
[White "Pavlovic, Goran"]
[Black "Arsovic, Goran"]
[Result "1/2-1/2"]
[WhiteElo "2337"]
[BlackElo "2356"]
[PlyCount "66"]
[EventDate "2024.09.27"]
[EventType "team-tourn"]
[EventRounds "11"]
[EventCountry "SRB"]
[SourceTitle "EXT 2025"]
[Source "ChessBase"]
[SourceDate "2024.10.14"]
[SourceVersion "1"]
[SourceVersionDate "2024.10.14"]
[SourceQuality "1"]
[WhiteTeam "Kostolac Rudar"]
[BlackTeam "Belgrade PTT"]
[WhiteTeamCountry "SRB"]
[BlackTeamCountry "SRB"]

1. d4 Nf6 2. c4 g6 3. Nc3 Bg7 4. Nf3 d6 5. Bg5 h6 6. Bh4 g5 7. Bg3 Nh5 8. e3 c5 9. d5 Nxg3 10. hxg3 Bxc3+ 11. bxc3 Kd7 12. Bd3 Kc7 13. Nd2 Qg8 14. g4 Nd7 15. f3 Ne5 16. Be4 h5 17. gxh5 f5 18. Bc2 Qf7 19. Qe2 Rxh5 20. Rxh5 Qxh5 21. f4 Ng4 22. 0-0-0 Bd7 23. Nf3 Qh8 24. Kd2 gxf4 25. exf4 Nf6 26. Ng5 Re8 27. g3 b5 28. cxb5 Nxd5 29. Qd3 Qh2+ 30. Kc1 Nf6 31. Rd2 Qg1+ 32. Rd1 Qg2 33. Rd2 Qg1+ 1/2-1/2

[Event "SRB-chT Premier"]
[Site "Bajina Basta"]
[Date "2023.09.25"]
[Round "8.2"]
[White "Pavlovic, Goran"]
[Black "Miljkovic, Miroslav D"]
[Result "1/2-1/2"]
[WhiteElo "2340"]
[BlackElo "2443"]
[PlyCount "37"]
[EventDate "2023.09.18"]
[EventType "team-tourn"]
[EventRounds "11"]
[EventCountry "SRB"]
[SourceTitle "CBM 216 Extra"]
[Source "ChessBase"]
[SourceDate "2023.11.30"]
[SourceVersion "1"]
[SourceVersionDate "2023.11.30"]
[SourceQuality "1"]
[WhiteTeam "Kostolac Rudar"]
[BlackTeam "Ruma Sloven"]
[WhiteTeamCountry "SRB"]
[BlackTeamCountry "SRB"]

1. e4 c5 2. Nf3 Nc6 3. Nc3 e5 4. Bc4 d6 5. d3 Be7 6. Nd2 Nf6 7. Nf1 Bg4 8. f3 Be6 9. Ne3 0-0 10. 0-0 Nd7 11. Ned5 Nb6 12. f4 Nxc4 13. dxc4 exf4 14. Bxf4 Ne5 15. Bxe5 dxe5 16. Nxe7+ Qxe7 17. Qe2 Rad8 18. Nd5 Qh4 19. Rad1 1/2-1/2

[Event "SRB-chT Premier"]
[Site "Bajina Basta"]
[Date "2023.09.21"]
[Round "4.4"]
[White "Pavlovic, Goran"]
[Black "Atalik, Suat"]
[Result "1/2-1/2"]
[WhiteElo "2340"]
[BlackElo "2413"]
[PlyCount "87"]
[EventDate "2023.09.18"]
[EventType "team-tourn"]
[EventRounds "11"]
[EventCountry "SRB"]
[SourceTitle "CBM 216 Extra"]
[Source "ChessBase"]
[SourceDate "2023.11.30"]
[SourceVersion "1"]
[SourceVersionDate "2023.11.30"]
[SourceQuality "1"]
[WhiteTeam "Kostolac Rudar"]
[BlackTeam "Kac Jugovic"]
[WhiteTeamCountry "SRB"]
[BlackTeamCountry "SRB"]

1. d4 Nf6 2. Nf3 d5 3. c4 e6 4. Nc3 Nbd7 5. cxd5 exd5 6. Bg5 Bb4 7. Nd2 c6 8. a3 Bd6 9. e3 Nf8 10. Bd3 Ng6 11. Qf3 Be7 12. Bf5 h6 13. Bxf6 Bxf6 14. Bxc8 Rxc8 15. g3 0-0 16. 0-0 Re8 17. b4 Nf8 18. Rac1 Ne6 19. h4 Be7 20. Nb3 Bd6 21. Rc2 Re7 22. Rfc1 Rec7 23. Kg2 Qd7 24. Nc5 Bxc5 25. bxc5 Qe7 26. Rb1 Rf8 27. Rcb2 f5 28. h5 Ng5 29. Qf4 Qf7 30. Qh4 Qe7 31. Ne2 Rf7 32. Rb3 f4 33. gxf4 Qe4+ 34. Kf1 Nf3 35. Qd8+ Kh7 36. Ng3 Qc2 37. R3b2 Qc3 38. Kg2 Nd2 39. Rxb7 Rxb7 40. Rxb7 Rxb7 41. Qe8 Qc2 42. f5 Ne4 43. Qg6+ Kh8 44. Qe8+ 1/2-1/2

[Event "SRB-chT 1st League CS"]
[Site "Banja Vrujci"]
[Date "2022.10.05"]
[Round "6.6"]
[White "Bozic, Milan"]
[Black "Pavlovic, Goran"]
[Result "1/2-1/2"]
[WhiteElo "2201"]
[BlackElo "2356"]
[PlyCount "27"]
[EventDate "2022.10.01"]
[EventType "team-tourn"]
[EventRounds "11"]
[EventCountry "SRB"]
[SourceTitle "CBM 210 Extra"]
[Source "ChessBase"]
[SourceDate "2022.11.30"]
[SourceVersion "1"]
[SourceVersionDate "2022.11.30"]
[SourceQuality "1"]
[WhiteTeam "Valjevo 2005"]
[BlackTeam "Kostolac Rudar"]
[WhiteTeamCountry "SRB"]
[BlackTeamCountry "SRB"]

1. d4 Nf6 2. Nf3 d6 3. c4 g6 4. g3 Bg7 5. Bg2 0-0 6. 0-0 Nbd7 7. Nc3 e5 8. b3 exd4 9. Nxd4 Re8 10. Bb2 Nc5 11. Qc2 a5 12. Rad1 c6 13. h3 Qb6 14. e3 1/2-1/2

[Event "PNWCC-Pirot Hybrid m4"]
[Site "Chess.com INT"]
[Date "2021.11.14"]
[Round "3"]
[White "Pavlovic, Goran"]
[Black "Sivakumar, Shaaketh"]
[Result "1-0"]
[WhiteElo "2351"]
[BlackElo "2153"]
[PlyCount "95"]
[EventDate "2021.11.13"]
[EventType "team-match"]
[EventRounds "4"]
[EventCountry "USA"]
[SourceTitle "CBM 205 Extra"]
[Source "ChessBase"]
[SourceDate "2022.01.31"]
[SourceVersion "1"]
[SourceVersionDate "2022.01.31"]
[SourceQuality "1"]
[WhiteTeam "Pirot"]
[BlackTeam "PNWCC"]
[WhiteTeamCountry "SRB"]
[BlackTeamCountry "USA"]

1. Nf3 Nf6 2. c4 e6 3. Nc3 b6 4. d4 Bb7 5. a3 Ne4 6. Nxe4 Bxe4 7. Nd2 Bb7 8. e4 d6 9. Bd3 Nd7 10. 0-0 Be7 11. Nf3 c5 12. d5 e5 13. Be3 h6 14. g3 Bc8 15. Ne1 Nf6 16. Ng2 Bh3 17. Qa4+ Kf8 18. f3 g5 19. b4 Rg8 20. bxc5 dxc5 21. Qc2 Bd6 22. a4 Nh5 23. Rf2 a5 24. Bd2 Bxg2 25. Kxg2 Rg6 26. Raf1 f6 27. Kh1 Ra7 28. Be2 Rag7 29. f4 Nxf4 30. gxf4 gxf4 31. Bf3 Qd7 32. Be1 Qh3 33. Rg2 Rg5 34. Rff2 h5 35. Qe2 Ke7 36. Rf1 Kf7 37. Rxg5 Rxg5 38. Rg1 Kg6 39. Qf1 Rxg1+ 40. Kxg1 Qxf1+ 41. Kxf1 Kg5 42. Bg2 Kg4 43. Kf2 h4 44. Bf3+ Kh3 45. Kg1 Be7 46. Bh5 Bd6 47. Bg6 Kg4 48. Kg2 1-0

[Event "PNWCC-Pirot Hybrid m4"]
[Site "Chess.com INT"]
[Date "2021.11.14"]
[Round "4"]
[White "Sivakumar, Shaaketh"]
[Black "Pavlovic, Goran"]
[Result "0-1"]
[WhiteElo "2153"]
[BlackElo "2351"]
[PlyCount "176"]
[EventDate "2021.11.13"]
[EventType "team-match"]
[EventRounds "4"]
[EventCountry "USA"]
[SourceTitle "CBM 205 Extra"]
[Source "ChessBase"]
[SourceDate "2022.01.31"]
[SourceVersion "1"]
[SourceVersionDate "2022.01.31"]
[SourceQuality "1"]
[WhiteTeam "PNWCC"]
[BlackTeam "Pirot"]
[WhiteTeamCountry "USA"]
[BlackTeamCountry "SRB"]

1. e4 e6 2. d4 d5 3. Nd2 c5 4. Ngf3 Nc6 5. exd5 exd5 6. Bb5 Bd6 7. 0-0 Nge7 8. dxc5 Bxc5 9. Nb3 Bd6 10. c3 0-0 11. Nbd4 Bg4 12. Be2 a6 13. Be3 Qc7 14. h3 Bh5 15. Qd2 Rfe8 16. Rfe1 Rad8 17. Bd3 Na5 18. b3 Nac6 19. Rac1 Bg6 20. Bxg6 Nxg6 21. Nf5 Bf8 22. N3d4 Nce5 23. Qd1 b5 24. h4 Nd7 25. h5 Nge5 26. Bf4 Qb6 27. Re3 Qf6 28. Rg3 Rc8 29. Bg5 Qb6 30. f4 Nc6 31. Nh6+ Kh8 32. Nxf7+ Kg8 33. Nh6+ Kh8 34. Nf7+ Kg8 35. Nh6+ Kh8 36. Nhf5 Re4 37. Kh2 Nxd4 38. Nxd4 h6 39. Bh4 Rxf4 40. Rg4 Bd6 41. Bg3 Rf6 42. Nf3 Rf5 43. Rh4 Bxg3+ 44. Kxg3 Nf6 45. Nd4 Qd6+ 46. Kh3 Rf4 47. Qe1 Re8 48. Qg3 Ree4 49. Rxf4 Qxf4 50. Qxf4 Rxf4 51. g3 Re4 52. Kg2 Nxh5 53. Kf3 Nf6 54. Ra1 Ng4 55. a4 b4 56. Ne2 h5 57. Ra2 bxc3 58. Rc2 Ne5+ 59. Kf2 Nd3+ 60. Kg1 Nb4 61. Rxc3 Rxe2 62. Rc8+ Kh7 63. Rb8 Re4 64. Rb6 g6 65. Kf2 Kh6 66. Kf3 Kg5 67. a5 Nc2 68. Rxa6 Nd4+ 69. Kg2 Nxb3 70. Rd6 Ra4 71. Rxd5+ Kh6 72. Rb5 Nxa5 73. Kh3 Nc4 74. Rb8 Ne3 75. Rh8+ Kg5 76. Re8 Nf5 77. Re2 Ra3 78. Kh2 Nxg3 79. Rb2 Re3 80. Rb5+ Kg4 81. Rb4+ Ne4 82. Kg2 h4 83. Rb6 g5 84. Rb2 h3+ 85. Kh1 Kg3 86. Rb1 Nf2+ 87. Kg1 h2+ 88. Kf1 h1Q# 0-1

[Event "PNWCC-Pirot Hybrid m3"]
[Site "Chess.com INT"]
[Date "2021.10.24"]
[Round "3"]
[White "Pavlovic, Goran"]
[Black "Li, Eric"]
[Result "1/2-1/2"]
[WhiteElo "2349"]
[BlackElo "2320"]
[PlyCount "176"]
[EventDate "2021.10.23"]
[EventType "team-match"]
[EventRounds "4"]
[EventCountry "USA"]
[SourceTitle "CBM 204 Extra"]
[Source "ChessBase"]
[SourceDate "2021.11.30"]
[SourceVersion "1"]
[SourceVersionDate "2021.11.30"]
[SourceQuality "1"]
[WhiteTeam "Pirot"]
[BlackTeam "PNWCC"]
[WhiteTeamCountry "SRB"]
[BlackTeamCountry "USA"]

1. e4 c5 2. Nf3 d6 3. c3 Nf6 4. Bd3 Nc6 5. Bc2 g6 6. 0-0 Bg7 7. h3 0-0 8. Re1 e5 9. d3 Rb8 10. Be3 Nd7 11. Bb3 Na5 12. Bc2 b6 13. Qc1 Bb7 14. Bh6 Rc8 15. Bxg7 Kxg7 16. Nbd2 Nf6 17. Qd1 Nh5 18. d4 cxd4 19. cxd4 Nf4 20. Rc1 Ba6 21. Kh2 exd4 22. Nxd4 Qf6 23. N2f3 Nc4 24. Rb1 Rfe8 25. g3 Ne6 26. Kg2 Nxd4 27. Qxd4 Ne5 28. Nxe5 Rxc2 29. Nf3 Bb7 30. Qa4 Rcc8 31. Re3 b5 32. Qxb5 Bxe4 33. Rbe1 d5 34. Qa4 Qxb2 35. Qxa7 Rc2 36. Rf1 Qxa2 37. Qd4+ f6 38. Kg1 Qc4 39. Qa7+ Qc7 40. Qxc7+ Rxc7 41. Nd2 Rce7 42. Nxe4 dxe4 43. f3 exf3 44. Rexf3 f5 45. Kg2 Kh6 46. h4 Kh5 47. R1f2 Re1 48. Rd3 R8e4 49. Rdf3 Rg4 50. Rf4 Re4 51. Rxe4 Rxe4 52. Kh3 Re3 53. Rf1 Re2 54. Rf3 Kh6 55. Rf1 Kg7 56. Rc1 Kf6 57. Rc7 Re7 58. Rc2 Re3 59. Kg2 Re7 60. Kf3 Rd7 61. Rc3 Ke5 62. Re3+ Kf6 63. Rc3 Kg7 64. g4 fxg4+ 65. Kxg4 Rd4+ 66. Kg3 Kh6 67. Rc7 Rd1 68. Kg4 Rh1 69. Kg3 Rf1 70. Kg4 Rf8 71. Rb7 Re8 72. Rc7 Rg8 73. Rb7 Rg7 74. Rxg7 Kxg7 75. h5 Kf6 76. hxg6 hxg6 77. Kf4 g5+ 78. Kg4 Kg6 79. Kg3 Kf5 80. Kf3 g4+ 81. Kg3 Kg5 82. Kg2 Kf4 83. Kf2 g3+ 84. Kg2 Kg4 85. Kg1 Kf3 86. Kf1 Kf4 87. Kg2 Kg4 88. Kg1 Kh3 1/2-1/2

[Event "SRB-chT 1st League CS"]
[Site "Bajina Basta"]
[Date "2021.09.28"]
[Round "4.5"]
[White "Cvetanovic, Uros"]
[Black "Pavlovic, Goran"]
[Result "0-1"]
[WhiteElo "2239"]
[BlackElo "2349"]
[PlyCount "64"]
[EventDate "2021.09.26"]
[EventType "team-tourn"]
[EventRounds "11"]
[EventCountry "SRB"]
[SourceTitle "EXT 2023"]
[Source "ChessBase"]
[SourceDate "2022.10.05"]
[SourceVersion "1"]
[SourceVersionDate "2022.10.05"]
[SourceQuality "1"]
[WhiteTeam "Paracin OSK"]
[BlackTeam "Kostolac Rudar"]
[WhiteTeamCountry "SRB"]
[BlackTeamCountry "SRB"]

1. Nc3 d5 2. e4 e6 3. Nf3 Nf6 4. exd5 exd5 5. d4 Be7 6. Bd3 0-0 7. h3 c5 8. dxc5 Bxc5 9. 0-0 Nc6 10. a3 a6 11. b4 Bb6 12. Bg5 Be6 13. Qd2 d4 14. Na4 Ba7 15. Nc5 Bxc5 16. bxc5 Bd5 17. Qf4 h6 18. Bxf6 Qxf6 19. Qxf6 gxf6 20. Rab1 Rab8 21. Rb6 Rfc8 22. Nh4 Be6 23. f4 Kg7 24. Nf5+ Bxf5 25. Bxf5 Rc7 26. Rfb1 Na5 27. Rxa6 Rxc5 28. Bd3 bxa6 29. Rxb8 Nc4 30. a4 Ne3 31. Rb2 a5 32. Kf2 Nd1+ 0-1

[Event "Kragujevac Milicevic Memorial"]
[Site "Kragujevac"]
[Date "2019.05.02"]
[Round "7"]
[White "Radovanovic, Nikola"]
[Black "Pavlovic, Goran"]
[Result "1/2-1/2"]
[WhiteElo "2426"]
[BlackElo "2355"]
[PlyCount "87"]
[EventDate "2019.04.28"]
[EventType "tourn"]
[EventRounds "9"]
[EventCountry "SRB"]
[EventCategory "6"]
[SourceTitle "CBM 190 Extra"]
[Source "ChessBase"]
[SourceDate "2019.07.15"]
[SourceVersion "1"]
[SourceVersionDate "2019.07.15"]
[SourceQuality "1"]

1. d4 Nf6 2. c4 g6 3. Nc3 Bg7 4. e4 d6 5. Bd3 0-0 6. Nge2 Nc6 7. 0-0 Nh5 8. Bc2 e5 9. d5 Nd4 10. Nxd4 exd4 11. Nb5 c5 12. dxc6 bxc6 13. Nxd4 Qb6 14. Ne2 Be6 15. Bd3 Rfd8 16. Qc2 Rab8 17. Rb1 a5 18. Be3 c5 19. Bd2 Bg4 20. Nc3 Be6 21. b3 Nf6 22. h3 Re8 23. Ne2 Bd7 24. Bc3 Bc6 25. Ng3 Re6 26. Kh1 Rbe8 27. f3 Bh6 28. Rbe1 Qd8 29. f4 Nd7 30. Qf2 Bg7 31. Bxg7 Kxg7 32. Bc2 Qe7 33. Re2 Kh8 34. Rfe1 Qh4 35. Kg1 Rf6 36. Rf1 Nf8 37. f5 Ne6 38. Rd2 Nd4 39. Qf4 Qxf4 40. Rxf4 Kg7 41. fxg6 fxg6 42. Rxf6 Kxf6 43. Rf2+ Ke5 44. Bd3 1/2-1/2

[Event "SRB-chT2 East"]
[Site "Serbia"]
[Date "2018.09.08"]
[Round "3.21"]
[White "Maksimovic, Bojan"]
[Black "Pavlovic, Goran"]
[Result "1/2-1/2"]
[WhiteElo "2256"]
[BlackElo "2361"]
[PlyCount "45"]
[EventDate "2018.09.07"]
[EventType "team-tourn"]
[EventRounds "11"]
[EventCountry "SRB"]
[SourceTitle "EXT 2021"]
[Source "ChessBase"]
[SourceDate "2020.10.23"]
[SourceVersion "1"]
[SourceVersionDate "2020.10.23"]
[SourceQuality "1"]
[WhiteTeam "Pozarevac"]
[BlackTeam "Veliko Gradiste"]
[WhiteTeamCountry "SRB"]
[BlackTeamCountry "SRB"]

1. e4 e5 2. Nf3 Nc6 3. Nc3 Nf6 4. d4 exd4 5. Nxd4 Bb4 6. Nxc6 bxc6 7. Bd3 0-0 8. 0-0 d5 9. exd5 cxd5 10. h3 c6 11. Qf3 Re8 12. Bg5 Be7 13. Ne2 h6 14. Bd2 c5 15. c3 Bb7 16. Ng3 Ne4 17. Rad1 Nxd2 18. Rxd2 Bg5 19. Rdd1 Qb6 20. Qg4 Rad8 21. h4 Bf6 22. Nf5 Kf8 23. Rd2 1/2-1/2

[Event "SRB-chT2 East"]
[Site "Serbia"]
[Date "2017.10.07"]
[Round "10.5"]
[White "Pavlovic, Goran"]
[Black "Golubovic, Zoran"]
[Result "1-0"]
[WhiteElo "2367"]
[BlackElo "2274"]
[PlyCount "55"]
[EventDate "2017.09.08"]
[EventType "team-tourn"]
[EventRounds "11"]
[EventCountry "SRB"]
[SourceTitle "EXT 2022"]
[Source "ChessBase"]
[SourceDate "2021.10.06"]
[SourceVersion "1"]
[SourceVersionDate "2021.10.06"]
[SourceQuality "1"]

1. d4 Nf6 2. Nf3 g6 3. c4 Bg7 4. Nc3 d6 5. e4 0-0 6. Be2 e5 7. d5 Nbd7 8. Bg5 h6 9. Bh4 a6 10. Nd2 Qe8 11. Qc2 c5 12. a3 Kh7 13. b4 Rb8 14. Rb1 Qd8 15. 0-0 Qc7 16. Rb2 cxb4 17. axb4 b6 18. Rc1 Re8 19. Qa4 g5 20. Bg3 Bf8 21. Rbc2 Be7 22. f3 Rg8 23. Nd1 Nh5 24. Ne3 Nf4 25. Rc3 Nxe2+ 26. Kh1 Nf6 27. Nf5 Nxg3+ 28. Nxg3 1-0

[Event "SRB-chT2 East"]
[Site "Serbia"]
[Date "2017.09.08"]
[Round "1.4"]
[White "Dmitrovic, Tomislav"]
[Black "Pavlovic, Goran"]
[Result "1/2-1/2"]
[WhiteElo "2273"]
[BlackElo "2367"]
[PlyCount "25"]
[EventDate "2017.09.08"]
[EventType "team-tourn"]
[EventRounds "11"]
[EventCountry "SRB"]
[SourceTitle "EXT 2022"]
[Source "ChessBase"]
[SourceDate "2021.10.06"]
[SourceVersion "1"]
[SourceVersionDate "2021.10.06"]
[SourceQuality "1"]

1. d4 d5 2. Bg5 h6 3. Bh4 c6 4. e3 Qb6 5. Qc1 e5 6. Nf3 e4 7. Nfd2 Be6 8. Be2 Ne7 9. c4 Nf5 10. Bg3 Nxg3 11. hxg3 Be7 12. Nc3 0-0 13. c5 1/2-1/2

[Event "SRB-chT2 East CS"]
[Site "Kragujevac"]
[Date "2016.10.06"]
[Round "6.2"]
[White "Bulatovic, Nikola"]
[Black "Pavlovic, Goran"]
[Result "0-1"]
[WhiteElo "2101"]
[BlackElo "2359"]
[PlyCount "48"]
[EventDate "2016.08.26"]
[EventType "team-tourn"]
[EventRounds "11"]
[EventCountry "SRB"]
[SourceTitle "EXT 2021"]
[Source "ChessBase"]
[SourceDate "2020.10.23"]
[SourceVersion "1"]
[SourceVersionDate "2020.10.23"]
[SourceQuality "1"]

1. e4 c6 2. d4 d5 3. Nc3 dxe4 4. Nxe4 Bf5 5. Ng3 Bg6 6. N1e2 Nf6 7. Nf4 Nd5 8. h4 Nxf4 9. Bxf4 h6 10. h5 Bh7 11. Bc4 e6 12. c3 Nd7 13. 0-0 Nf6 14. Re1 Be7 15. Qb3 b5 16. Bxe6 fxe6 17. Rxe6 Bg8 18. Nf5 Bxe6 19. Qxe6 Qd7 20. Qe5 Kf7 21. d5 cxd5 22. Rd1 Rae8 23. Bg3 Bc5 24. Qf4 Re4 0-1

[Event "SRB-chT2 East CS"]
[Site "Kragujevac"]
[Date "2016.08.26"]
[Round "1.21"]
[White "Pavlovic, Goran"]
[Black "Marjanovic, Dejan"]
[Result "1/2-1/2"]
[WhiteElo "2359"]
[BlackElo "2427"]
[PlyCount "67"]
[EventDate "2016.08.26"]
[EventType "team-tourn"]
[EventRounds "11"]
[EventCountry "SRB"]
[SourceTitle "EXT 2021"]
[Source "ChessBase"]
[SourceDate "2020.10.23"]
[SourceVersion "1"]
[SourceVersionDate "2020.10.23"]
[SourceQuality "1"]

1. d4 Nf6 2. c4 e6 3. Nf3 Bb4+ 4. Bd2 a5 5. g3 d5 6. Qc2 0-0 7. Bg2 c6 8. 0-0 Be7 9. Bf4 Nbd7 10. Nbd2 Nh5 11. Be3 Bd6 12. Bg5 f6 13. Be3 f5 14. Bg5 Qe8 15. e3 h6 16. Bf4 Be7 17. Rfe1 Qd8 18. Ne5 Nxf4 19. exf4 Nxe5 20. fxe5 Bd7 21. Rac1 a4 22. Re3 Qa5 23. Nf3 Rac8 24. c5 b5 25. Ne1 g5 26. f4 gxf4 27. gxf4 Kh7 28. Nd3 Rg8 29. Rg3 Qd8 30. Bf3 Bh4 31. Rxg8 Qxg8+ 32. Kh1 Qf7 33. Rg1 Rg8 34. Rxg8 1/2-1/2

[Event "Smederevska Palanka Shocha Memorial"]
[Site "Smederevska Palanka"]
[Date "2016.01.10"]
[Round "8"]
[White "Arsovic, Zoran"]
[Black "Pavlovic, Goran"]
[Result "1-0"]
[WhiteElo "2465"]
[BlackElo "2404"]
[PlyCount "72"]
[EventDate "2016.01.01"]
[EventType "swiss"]
[EventRounds "9"]
[EventCountry "SRB"]
[SourceTitle "CBM 170 Extra"]
[Source "ChessBase"]
[SourceDate "2016.02.25"]
[SourceVersion "1"]
[SourceVersionDate "2016.02.25"]
[SourceQuality "1"]

1. Nf3 Nf6 2. c4 g6 3. Nc3 Bg7 4. e4 d6 5. d4 0-0 6. Be2 Bg4 7. Be3 Nfd7 8. 0-0 a6 9. d5 Bxf3 10. gxf3 c5 11. Kh1 Nf6 12. Qd2 Qc7 13. Rad1 Nbd7 14. f4 Qa5 15. Qc2 Rab8 16. a4 Rfe8 17. Rg1 Kh8 18. Rg3 Rg8 19. Rdg1 Ne8 20. f5 Nc7 21. fxg6 fxg6 22. Bd2 Ne8 23. Bg4 Ne5 24. Ne2 Qd8 25. Be6 Nd7 26. f4 Nf8 27. Bxg8 Kxg8 28. Bc3 Nf6 29. e5 Nh5 30. Rg5 dxe5 31. fxe5 e6 32. Qe4 Qe7 33. d6 Qe8 34. Qd3 Nd7 35. Qe4 Qf7 36. Ng3 Nxg3+ 1-0

[Event "SRB-ch Central"]
[Site "Kragujevac"]
[Date "2015.03.12"]
[Round "5"]
[White "Pavlovic, Goran"]
[Black "Zivanovic, Nenad"]
[Result "1-0"]
[WhiteElo "2368"]
[BlackElo "2136"]
[PlyCount "67"]
[EventDate "2015.03.09"]
[EventType "swiss"]
[EventRounds "9"]
[EventCountry "SRB"]
[SourceTitle "CBM 165 Extra"]
[Source "ChessBase"]
[SourceDate "2015.04.21"]
[SourceVersion "1"]
[SourceVersionDate "2015.04.21"]
[SourceQuality "1"]

1. Nf3 d5 2. d4 Nf6 3. c4 e6 4. Nc3 Be7 5. Bg5 Nbd7 6. e3 0-0 7. Rc1 b6 8. cxd5 exd5 9. Qa4 Nb8 10. Bd3 Bb7 11. Qc2 h6 12. Bxf6 Bxf6 13. b4 Be7 14. Qb3 a5 15. b5 Qd6 16. 0-0 Rc8 17. Ne5 a4 18. Nxa4 Qa3 19. Nc3 Qxb3 20. axb3 Bb4 21. Na4 Bd6 22. Rc2 Re8 23. Rfc1 f6 24. Ng6 Nd7 25. Nh4 Rac8 26. Nf5 Kf8 27. Nxd6 cxd6 28. Rc7 Red8 29. Kf1 Rb8 30. Bf5 Ke8 31. Bxd7+ Rxd7 32. Nxb6 Rxc7 33. Rxc7 Ba8 34. Nxa8 1-0

[Event "Kragujevac New Year"]
[Site "Kragujevac"]
[Date "2015.01.15"]
[Round "8"]
[White "Markovic, Momcilo"]
[Black "Pavlovic, Goran"]
[Result "0-1"]
[WhiteElo "1984"]
[BlackElo "2376"]
[PlyCount "56"]
[EventDate "2015.01.11"]
[EventType "tourn"]
[EventRounds "9"]
[EventCountry "SRB"]
[SourceTitle "CBM 164 Extra"]
[Source "ChessBase"]
[SourceDate "2015.03.02"]
[SourceVersion "1"]
[SourceVersionDate "2015.03.02"]
[SourceQuality "1"]

1. e4 e6 2. d4 d5 3. Nc3 Bb4 4. e5 c5 5. a3 Bxc3+ 6. bxc3 Ne7 7. Nf3 Nbc6 8. Bd3 Bd7 9. 0-0 c4 10. Be2 Qa5 11. Bb2 0-0 12. Nh4 f6 13. f4 fxe5 14. fxe5 Rxf1+ 15. Bxf1 Nxe5 16. dxe5 Qb6+ 17. Kh1 Qxb2 18. Rb1 Qxa3 19. Rxb7 Bc6 20. Rc7 Rc8 21. Rxc8+ Nxc8 22. Qg4 Bd7 23. Qg5 Qe7 24. Qg4 Qf8 25. Kg1 Ne7 26. Qd4 Nc6 27. Qe3 Qb8 28. Nf3 a5 0-1